Statistics for Largest Fast Food Restaurant Chains in the World

Click here to take the quiz!

General Stats

  • This quiz has been taken 65 times
  • The average score is 7 of 14

Answer Stats

#Restaurant% Correct
36,899McDonald's
93%
15,000Burger King
92%
20,604KFC
85%
25,085Starbucks
68%
6490Wendy's
67%
44,228Subway
65%
13,728Pizza Hut
63%
6500Taco Bell
62%
11,300Dunkin' Donuts
37%
5812Hardee's
22%
14,200Domino's Pizza
15%
7300Baskin-Robbins
12%
5700Orange Julius
3%
7300Hunt Brothers Pizza
2%

Score Distribution

Percentile by Number Answered

Percent of People with Each Score

Your Score History

You have not taken this quiz